000 00313nam a22001457a 4500
008 181122b xxu||||| |||| 00| 0 eng d
020 _a9781933107585
041 _aeng
080 _a610.73
082 _a610.73
100 _a1
101 _aINF
245 _aMental health Nursing
_cPlatt.D
942 _2udc
_cBK
999 _c52362
_d52362